000 00245nam a22001097a 4500
020 _a0-600-38795-X
082 _a635 FRE'D
245 _aFREDLOADS GARDENING TIPS OF A LIFETIME
260 _aLONDON
_bHAMLYN
_c1980
300 _a175P
942 _cBK
999 _c581389
_d581389